|
|
|
|
| LEADER |
01050nam a2200241 a 4500 |
| 001 |
00021603 |
| 003 |
BD-DhAAL |
| 005 |
20230607120857.0 |
| 008 |
110202s2001 bg 000 0 ben |
| 020 |
|
|
|a 984837230X
|
| 040 |
|
|
|a BD-DhAAL
|c BD-DhAAL
|
| 082 |
0 |
0 |
|a 891.4409
|2 21
|
| 100 |
1 |
|
|a সুফী, মোতাহার হোসেন.
|9 42310
|
| 245 |
1 |
0 |
|a বাংলা সাহিত্যের ইতিহাস /
|c মোতাহার হোসেন সুফী
|
| 260 |
|
|
|a ঢাকা :
|b কাকলী প্রকাশনী,
|c ২০০১.
|
| 300 |
|
|
|a ৪৭৯ পৃ. ;
|c ২০ সে.মি.
|
| 541 |
|
|
|e 00021603
|
| 650 |
|
0 |
|a Bengali literature
|x History.
|9 42311
|
| 650 |
|
0 |
|a Bengali literature
|y 20th century
|v History and criticism.
|9 54547
|
| 852 |
4 |
|
|a Ayesha Abed Library
|j General shelf
|
| 942 |
|
|
|2 ddc
|c BK
|
| 999 |
|
|
|c 10446
|d 10446
|
| 952 |
|
|
|0 0
|1 0
|2 ddc
|4 0
|6 891_440900000000000_SHU
|7 0
|9 14367
|a BIGD
|b BIGD
|c GEN
|d 2011-02-13
|g 280.00
|l 0
|o 891.4409 SHU
|p 3050021603
|r 2011-02-13
|t 1
|w 2011-02-13
|y BK
|x Transfer from BDI to BIGD.
|